Bosnia National Football Team - Statistics

General Stats
  • This quiz has been taken 46 times
  • The average score is 17 of 25
Answer Stats
Player Answer % Correct
FW Edin Dzeko
97%
GK Nikola Vasilj
97%
FW Esmir Bajraktarevic
91%
FW Kerim Alajbegovic
91%
FW Ermedin Demirovic
89%
FW Haris Tabakovic
83%
DF Tarik Muharemovic
83%
DF Nikola Katic
80%
DF Sead Kolasinac
77%
MF Amar Memic
71%
DF Amar Dedic
69%
MF Benjamin Tahirovic
66%
MF Ivan Sunjic
66%
MF Amir Hadziahmetovic
63%
MF Ivan Basic
60%
GK Martin Zlomislic
60%
FW Samed Bazdar
60%
MF Dzenis Burnic
57%
MF Armin Gigovic
54%
DF Nidal Celik
54%
DF Nihad Mujakic
54%
GK Osman Hadzikic
51%
FW Jovo Lukic
49%
DF Dennis Hadzikadunic
46%
DF Stjepan Radeljic
43%
No matching quizzes found
Score Distribution
Percent of People with Each Score
Percentile by Number Answered
Your Score History
You have not taken this quiz